MARC

LEADER 00000nam0a2200000 4500
001 72323
005 20231031083338.0
035 |a (RuTPU)RU\TPU\book\77115 
090 |a 72323 
100 |a 20050118d1981 k y0rusy50 ca 
101 1 |a rus  |c eng 
102 |a RU 
105 |a a z 001zy 
200 1 |a Надежность программного обеспечения. Анализ крупномасштабных разработок  |e пер. с англ.  |f Т. Тейер, М. Липов, Е. Нельсон  |g пер. Е. К. Масловского 
210 |a Москва  |c Мир  |d 1981 
215 |a 325 с.  |c ил. 
300 |a Доп. тит. лист 
320 |a Библиогр.: с. 317-319. 
320 |a Предметный указатель: с. 320-323. 
610 1 |a цифровые вычислительные машины 
610 1 |a вычислительные машины 
610 1 |a программное обеспечение 
610 1 |a надежность 
610 1 |a ЭВМ 
610 1 |a системное программное обеспечение 
610 1 |a прикладное программное обеспечение 
675 |a 681.3.06  |v 3 
700 1 |a Тейер  |b Т.  |g Томас 
701 1 |a Липов  |b М.  |g Майрон 
701 1 |a Нельсон  |b Е.  |g Елдред 
702 1 |a Масловский  |b Е. К.  |4 730 
801 1 |a RU  |b 63413507  |c 20050118  |g PSBO 
801 2 |a RU  |b 63413507  |c 20151110  |g PSBO 
942 |c BK